000
00273nam a2200109Ia 4500
005
20251222154329.0
008
251222s9999||||xx |||||||||||||| ||spa||
082
_a
869.26/G63
100
_a
"Gómez de la Serna, Ramón"
245
0
_a
El caballero del hongo gris
942
_c
LIB
999
_c
34089
_d
34089